000 01519nam a22003977a 4500
003 CHAP
005 20220817041907.0
008 971013s1975 r 00010 d
010 _a27990
011 _a28962
035 _a33073
040 _cCHAP
082 _a636.085
_bM23Y 1973
100 0 0 _aMcDonald, Peter.
_973483
245 _aNutrición animal
260 _aZaragoza :
_bAcribia,
_c1975
300 _a462 p.
_b: ilus. ; láms
500 _aTrad. de la 2ed. en inglés
590 _aBATCH-UPD
_b10
_c20130109
_lUCH01
_h2313
590 _aBATCH-UPD
_b10
_c20130110
_lUCH01
_h1547
590 _aBATCH-UPD
_b10
_c20130410
_lUCH01
_h0946
590 _aBATCH-UPD
_b10
_c20130914
_lUCH01
_h1805
590 _aCONVERSION
_b10
_c20130109
_lUCH01
_h1316
650 1 4 _aAlimentos y alimentacion del ganado.
_94326
650 1 4 _aNutrición animal.
700 0 _aEdwards, R. A.
_935727
700 0 _aGreenhalgh, J. F. E.
_950584
901 _aBK
942 _cLIBRO
949 _a636.085 M23Y 1973
_bBC
_cLIBRO
_d-76900
_eLIBRO
_h41992
_i33073
_si
_t505.00
949 _a636.085 M23Y 1973
_bBC
_cLIBRO
_d-76901
_eLIBRO
_fc.2
_h41993
_i33073
_si
_t505.00
949 _a636.085 M23Y 1973
_bBC
_cLIBRO
_d-76902
_eLIBRO
_fc.3
_h41994
_i33073
_si
_t505.00
949 _a636.085 M23Y 1973
_bBC
_cLIBRO
_d33724000987475
_eLIBRO
_fc.4
_h42000
_i33073
_si
_t505.00
949 _a636.085 M23Y 1973
_bBC
_cLIBRO
_d33724000988630
_eLIBRO
_fc.5
_h46158
_i33073
_si
_t505.00
949 _a636.085 M23Y 1973
_bBC
_cLIBRO
_d33724002021743
_eLIBRO
_fc.6
_h46159
_i33073
_si
_t505.00
999 _c27990
_d27990